Sports Quiz

Random Sports or Basketball Quiz

NBA 30 PPG Seasons Quiz Stats

 Plays Quiz Updated Apr 16, 2019

Score 0/68 Timer 05:00
14 Plays Today
PPG Player % Correct
37.09Michael Jordan
96.7%
34.98Michael Jordan
96.7%
33.57Michael Jordan
96.7%
32.58Michael Jordan
96.7%
32.51Michael Jordan
96.7%
31.46Michael Jordan
96.7%
30.38Michael Jordan
96.7%
30.05Michael Jordan
96.7%
50.36Wilt Chamberlain
95.1%
44.83Wilt Chamberlain
95.1%
38.39Wilt Chamberlain
95.1%
37.60Wilt Chamberlain
95.1%
36.85Wilt Chamberlain
95.1%
34.71Wilt Chamberlain
95.1%
33.53Wilt Chamberlain
95.1%
35.40Kobe Bryant
94.6%
31.56Kobe Bryant
94.6%
30.01Kobe Bryant
94.6%
36.13James Harden
94.4%
31.37LeBron James
91.4%
30.00LeBron James
91.4%
32.01Kevin Durant
85.3%
30.43James Harden
82.2%
31.58Russell Westbrook
81.3%
30.15Kevin Durant
81%
33.01Allen Iverson
80.6%
31.38Allen Iverson
80.6%
31.08Allen Iverson
80.6%
30.69Allen Iverson
80.6%
30.06Stephen Curry
79%
34.84Kareem Abdul-Jabbar
75.8%
31.66Kareem Abdul-Jabbar
75.8%
30.16Kareem Abdul-Jabbar
75.8%
30.80Jerry West
74.1%
PPG Player % Correct
31.34Jerry West
74.1%
31.20Jerry West
74.1%
30.97Jerry West
74.1%
30.20Dwyane Wade
65.6%
30.98Karl Malone
64.7%
31.11Moses Malone
64.2%
31.39Oscar Robertson
59.2%
31.29Oscar Robertson
59.2%
30.78Oscar Robertson
59.2%
30.53Oscar Robertson
59.2%
30.49Oscar Robertson
59.2%
30.39Oscar Robertson
59.2%
32.09Tracy McGrady
56.4%
34.77Elgin Baylor
47%
33.99Elgin Baylor
47%
33.14George Gervin
39.9%
32.29George Gervin
39.9%
30.73Dominique Wilkins
39.5%
30.33Dominique Wilkins
39.5%
31.14Pete Maravich
34.3%
31.14Bob Pettit
33.2%
35.58Rick Barry
32.1%
30.62Rick Barry
32.1%
32.89Bernard King
26.4%
34.52Bob McAdoo
25.1%
31.12Bob McAdoo
25.1%
30.55Bob McAdoo
25.1%
30.65Adrian Dantley
22.7%
30.61Adrian Dantley
22.7%
30.33Adrian Dantley
22.7%
33.99Nate Archibald
19.4%
31.58Walt Bellamy
10.7%
30.22Lloyd Free
10.7%
31.17Jack Twyman
6%

You're not logged in!

Compare scores with friends on all Sporcle quizzes.
OR
Log In

You Might Also Like...

Show Comments

Extras

Top Quizzes Today


Score Distribution

Your Account Isn't Verified!

In order to create a playlist on Sporcle, you need to verify the email address you used during registration. Go to your Sporcle Settings to finish the process.

Report this User

Report this user for behavior that violates our Community Guidelines.

Details: